000 00454nam a2200145Ia 4500
003 OSt
005 20260123144156.0
008 211028s2016 xx 000 0 und d
040 _cAIMIT LIBRARY
041 _aeng
100 _aCoelho, Sara Sherin; Harinakshi.
_g1416128
_97547
245 _aStudy on effectiveness of total quality management towards employees in JEM food products Kallige /
260 _aMangalore
_bHarinakshi
_c2016
942 _2ddc
_cPRO
999 _c219115
_d219115